00622 2200217 4500001002100000005001700021008004100038020001800079035002500097082001100122090002100133100004600154245004500200250001100245260003300256300002400289500002700313650003500340850001200375990001700387YOGYA-0209000000695620150420185519.0 ind  a979-3270-06-3 a0010-020900000006956 a342.02 aRQ 342.02bInd H aIndonesia.[Undang-Undang, Peraturan dsb.] aHimpunan Peraturan Perundang-undangan RI aCet. 1 aJakartabCitra mandiric2003 aiii, 834 hlmc28 cm aYang diterima : jil. 2 aIndonesia - Perundang-Undangan aYOPDYOG a2288-PD/P.04